书目信息 |
| 题名: |
槟榔病虫害田间诊断图谱
|
|
| 作者: | 李增平 , 罗大全 编著 | |
| 分册: | ||
| 出版信息: | 北京 中国农业出版社 2007.09 |
|
| 页数: | 123页 | |
| 开本: | 21cm | |
| 丛书名: | ||
| 单 册: | ||
| 中图分类: | S436.67-64 | |
| 科图分类: | ||
| 主题词: | 槟榔--bin lang--病虫害防治--图谱 , 槟榔--bin lang , 病虫害防治--bing chong hai fang zhi | |
| 电子资源: | ||
| ISBN: | 978-7-109-12225-3 | |
| 000 | 00923nam0 2200265 450 | |
| 001 | 0109110246 | |
| 005 | 20201109110341.0 | |
| 010 | @a978-7-109-12225-3@dCNY29.00 | |
| 100 | @a20080523e20192007em y0chiy50 ea | |
| 101 | 0 | @achi |
| 102 | @aCN@b110000 | |
| 105 | @ay z 000yy | |
| 106 | @ar | |
| 200 | 1 | @a槟榔病虫害田间诊断图谱@Abin lang bing chong hai tian jian zhen duan tu pu@f李增平, 罗大全编著 |
| 210 | @a北京@c中国农业出版社@d2007.09@h2019.07 | |
| 215 | @a123页@c彩图@d21cm | |
| 330 | @a本书初步介绍了海南槟榔上发生的一些主要和常见的病虫害及附生植物,包括槟榔病害、槟榔害虫、槟榔附生植物三部分。 | |
| 606 | 0 | @a槟榔@Abin lang@x病虫害防治@j图谱 |
| 606 | 0 | @a槟榔@Abin lang |
| 606 | 0 | @a病虫害防治@Abing chong hai fang zhi |
| 690 | @aS436.67-64@v5 | |
| 701 | 0 | @a李增平@Ali zeng ping@4编著 |
| 701 | 0 | @a罗大全@Aluo da quan@4编著 |
| 801 | 0 | @aCN@bBJSZM@c20201103 |
| 905 | @b1241995-8@dS436.67-64@e209@f4 | |
| 槟榔病虫害田间诊断图谱/李增平, 罗大全编著.-北京:中国农业出版社,2007.09(2019.07) |
| 123页:彩图;21cm |
| ISBN 978-7-109-12225-3:CNY29.00 |
| 本书初步介绍了海南槟榔上发生的一些主要和常见的病虫害及附生植物,包括槟榔病害、槟榔害虫、槟榔附生植物三部分。 |
| ● |
| 相关链接 |
|
|
|
|
正题名:槟榔病虫害田间诊断图谱
索取号:S436.67-64/209
 
预约/预借
| 序号 | 登录号 | 条形码 | 馆藏地/架位号 | 状态 | 备注 |
| 1 | 1241995 | 212419952 | 第二样本阅览室/ [索取号:S436.67-64/209] | 在馆 | |
| 2 | 1241996 | 212419961 | 第三借阅区/ [索取号:S436.67-64/209] | 在馆 | |
| 3 | 1241997 | 212419970 | 第三借阅区/ [索取号:S436.67-64/209] | 在馆 | |
| 4 | 1241998 | 212419989 | 第三借阅区/ [索取号:S436.67-64/209] | 在馆 |